Earth our home / (Record no. 3451)
[ view plain ]
| 000 -LEADER | |
|---|---|
| fixed length control field | 01216nam a22002657a 4500 |
| 001 - CONTROL NUMBER | |
| control field | 3451 |
| 003 - CONTROL NUMBER IDENTIFIER | |
| control field | FISKH |
| 005 - DATE AND TIME OF LATEST TRANSACTION | |
| control field | 20250117152920.0 |
| 008 - FIXED-LENGTH DATA ELEMENTS--GENERAL INFORMATION | |
| fixed length control field | 240306b cb ||||| |||| 00| 0 eng d |
| 020 ## - INTERNATIONAL STANDARD BOOK NUMBER | |
| International Standard Book Number | 9789810177225 |
| 040 ## - CATALOGING SOURCE | |
| Original cataloging agency | FISKH |
| Language of cataloging | eng |
| Transcribing agency | FISKH |
| Modifying agency | FISKH |
| 050 ## - LIBRARY OF CONGRESS CALL NUMBER | |
| Classification number | G128 |
| 082 ## - DEWEY DECIMAL CLASSIFICATION NUMBER | |
| Classification number | 525 |
| 100 ## - MAIN ENTRY--PERSONAL NAME | |
| Personal name | Li, Lim Hiong |
| 245 ## - TITLE STATEMENT | |
| Title | Earth our home / |
| Statement of responsibility, etc. | General Editor Yee Sze Onn ; Authors : Lim Hiong Li and Lau Choon Hoon |
| 250 ## - EDITION STATEMENT | |
| Edition statement | 2014 |
| 260 ## - PUBLICATION, DISTRIBUTION, ETC. | |
| Place of publication, distribution, etc. | New industrial : |
| Name of publisher, distributor, etc. | Marshall Cavendish, |
| Date of publication, distribution, etc. | 2000. |
| 300 ## - PHYSICAL DESCRIPTION | |
| Extent | 190 pages : |
| Other physical details | color illustrations, maps ; |
| Dimensions | 28 cm |
| 490 ## - SERIES STATEMENT | |
| Series statement | 2nd edition |
| Volume/sequential designation | Secondary 2 |
| 520 ## - SUMMARY, ETC. | |
| Summary, etc. | Earth : our home 2 takes the student on a journey of discovery and has been designed to meet the requirements set by the Singapore Ministry of Education in the revised syllabus. In line with the well-received first edition, we maintain our approach in making Geography engaging and riveting to learn. On top that this second edition is the anchor of our holistic Geography programme comprising a continuum of strategies and tools available for both teachers and student. |
| 650 ## - SUBJECT ADDED ENTRY--TOPICAL TERM | |
| Topical term or geographic name entry element | Education |
| 700 ## - ADDED ENTRY--PERSONAL NAME | |
| Personal name | Hoon, Lau Choon |
| Relator term | Author |
| 942 ## - ADDED ENTRY ELEMENTS (KOHA) | |
| Source of classification or shelving scheme | Dewey Decimal Classification |
| Koha item type | Books |
| Suppress in OPAC | No |
| Withdrawn status | Lost status | Source of classification or shelving scheme | Damaged status | Not for loan | Collection | Home library | Current library | Shelving location | Date acquired | Total Checkouts | Full call number | Barcode | Date last seen | Copy number | Price effective from | Koha item type |
|---|---|---|---|---|---|---|---|---|---|---|---|---|---|---|---|---|
| Dewey Decimal Classification | Non-Fiction | Footprints International School Library Network Toul Kork Campus | Footprints International School Library Network Toul Kork Campus | 03/06/2024 | LIL 525 PZ7 | FISSE03356 | 03/06/2024 | 1 | 03/06/2024 | Books | ||||||
| Dewey Decimal Classification | Non-Fiction | Footprints International School Library Network Toul Kork Campus | Footprints International School Library Network Toul Kork Campus | TTP Secondary Non-Fiction Bookshelves | 03/06/2024 | LIL 525 PZ7 | FISSE03146 | 01/09/2025 | 2 | 03/06/2024 | Books | |||||
| Dewey Decimal Classification | Non-Fiction | Footprints International School Library Network Toul Kork Campus | Footprints International School Library Network Toul Kork Campus | TTP Secondary Non-Fiction Bookshelves | 03/06/2024 | LIL 525 PZ7 | FISSE03397 | 01/14/2025 | 3 | 03/06/2024 | Books | |||||
| Dewey Decimal Classification | Non-Fiction | Footprints International School Library Network Toul Kork Campus | Footprints International School Library Network Toul Kork Campus | TTP Secondary Non-Fiction Bookshelves | 03/06/2024 | LIL 525 PZ7 | FISSE03401 | 01/24/2025 | 4 | 03/06/2024 | Books |
